Φυτά μεγάλης καλλιέργειας

Αποθηκεύτηκε σε:
Λεπτομέρειες βιβλιογραφικής εγγραφής
Κύριος συγγραφέας: Υφούλης, Αγαθοκλής Χ.
Άλλοι συγγραφείς: Καλτσίκης, Παντούσης Ιω
Μορφή: Βιβλίο
Γλώσσα:Greek
Δημοσίευση: Αθήνα : Ιδρυμα Ευγενίδου, 1986
Θέματα:
Ετικέτες: Προσθήκη ετικέτας
Δεν υπάρχουν, Καταχωρήστε ετικέτα πρώτοι!

MARC

LEADER 00000nam a2200000 i 4500
001 1/77435
008 960527s1986 gre d
035 |a 1989  |b 2  |c Δωρεά  |l 10032660 
040 |a GR-MY-UA  |b gre  |e aacr 
041 0 |a gre 
082 0 |a 633 
100 1 |a Υφούλης, Αγαθοκλής Χ. 
245 1 0 |a Φυτά μεγάλης καλλιέργειας /  |c Αγαθοκλή Υφούλη, Παντούση Ιωαν. Καλτσίκη 
260 |a Αθήνα :   |b Ιδρυμα Ευγενίδου,   |c 1986 
300 |a 296 σ. 
650 0 0 |a Field crops. 
700 1 |a Καλτσίκης, Παντούσης Ιω. 
852 |a INST  |b RHODES  |e 19960527  |h 633 ΥΦΟ  |p 005400002114  |q 005400002114  |t BK  |y 0 
852 |a INST  |b RHODES  |e 19960527  |h 633 ΥΦΟ  |p 005400002115  |q 005400002115  |t BK  |y 620 
852 |a INST  |b RHODES  |e 19960527  |h 633 ΥΦΟ  |p 005400002116  |q 005400002116  |t BK  |y 620 
909 |a Ρ  |b 014565  |c 1989 
909 |a Ρ  |b 014566  |c 1989 
909 |a Ρ  |b 014567  |c 1989